Aprendiendo cálculo diferencial e integral con Microsoft Excel

Saved in:
Bibliografiske detaljer
Main Authors: Zorzoli, Gustavo Fabián (Author), Bianco, María José (Author), García, Roberto (Author)
Format: Bog
Sprog:spansk
Udgivet: Buenos Aires Omicron System 2004
Serier:Aprendiendo
Fag:
Tags: Tilføj Tag
Ingen Tags, Vær først til at tagge denne postø!

MARC

LEADER 00000nam a2200000 a 4500
001 UCK1960
003 CL-VaPUC
005 20240412124356.0
008 041210e20040000AG |||||||||||||||||spa|d
999 |c 311698  |d 311696 
020 |a 9871046340 
040 |c Pontificia Universidad Católica de Valparaíso 
082 0 4 |a 515.30785  |b ZOR  |2 21 
100 0 |a Zorzoli, Gustavo Fabián  |e author  |9 489831 
245 1 0 |a Aprendiendo cálculo diferencial e integral con Microsoft Excel 
260 |a Buenos Aires  |b Omicron System  |c 2004 
300 |a 286 p 
490 0 |a Aprendiendo 
500 |a Incluye Cd-Rom 
583 |a last modification  |c 20041210 00:00:00  |k Rodrigo Vera 
650 0 |a Cálculo diferencial   |9 260102  |x Limites  |x Microsoft excel 
650 0 |a Métodos de enseñanza  |9 270413 
700 0 |a Bianco, María José  |e author  |9 489832 
700 0 |a García, Roberto  |e author  |9 489833 
942 |c BK  |2 ddc 
945 |d 20041210 00:00:00  |a cmena 
952 |0 0  |1 0  |4 0  |6 515_307850000000000_ZOR_2004  |7 0  |8 A  |9 381271  |a BIBMAT  |b BIBMAT  |d 2019-11-21  |i 4085671  |o 515.30785 ZOR 2004  |p 4085671  |r 2025-01-07  |w 2019-11-21  |y BK  |k MAT 
952 |0 0  |1 0  |4 0  |6 515_307850000000000_ZOR_2004  |7 0  |8 A  |9 381272  |a BIBMAT  |b BIBMAT  |d 2019-11-21  |i 4089324  |l 1  |o 515.30785 ZOR 2004  |p 4089324  |r 2025-01-07  |s 2024-04-12  |w 2019-11-21  |y BK  |k MAT